| 000 | 01584cad a22002415a 4500 | ||
|---|---|---|---|
| 001 | L142771 | ||
| 008 | 080307s2008 xxk f 000 0 eng d | ||
| 035 | _a(Sirsi) u142771 | ||
| 041 | 0 | _aeng | |
| 050 | 0 | 4 | _a333.33 $2 18 |
| 110 | 2 | _aCBI | |
| 245 | 0 | 0 |
_aProperty for business _ban essential guide for senior executives _h[electronic resource] |
| 250 | _a2nd ed. | ||
| 260 |
_aLondon _bCBI _c2008 |
||
| 505 | 2 | _aForeword -- Introduction -- Defining your property strategy -- Property, sustainability and climate change -- Delivering your strategy -- Maximising workplace effectiveness -- Optimising your property costs -- Unlocking asset value -- Accounting, legal and regulatory influences -- Summary -- Key issues checklist | |
| 520 | _aProvides guidance on how UK businesses can make the most of their property assets. Aims to raise awareness among senior business executives of the benefits of developing an effective strategy for property management. Aims to raise the profile of property in companies regardless or size or sector, provide strategic guidance on how to improve returns on investment and show how property management can support wider commercial and environmental objectives. Identifies current and future risks. Reflects changes in regulations and developments in best practice since 2005. | ||
| 521 | 2 | 0 | _aAdvanced |
| 590 | _aKA NTK | ||
| 651 | 4 |
_aUnited Kingdom _y |
|
| 690 | _aPROPERTY-COMMERCIAL PROPERTY-COMMERCIAL PROPERTY MARKET | ||
| 856 | 4 | 1 |
_uhttps://www.cbi.org.uk/property _zView this report free of charge at www. cbi.org.uk... |
| 942 | _n0 | ||
| 999 |
_c107960 _d107960 |
||